Villain Quotes - Statistics

General Stats
  • This quiz has been taken 64 times
  • The average score is 7 of 17
Answer Stats
Hint Answer % Correct
No Mr. Bond, I expect you to die Auric Goldfinger
86%
They all float down here! Pennywise
73%
You can't handle the truth! Col. Jessup
68%
The power of the sun, in the palm of my hand Doctor Octopus
62%
The greatest trick the devil ever pulled, was convincing the world he didn't exist Keyser Söze
49%
The one thing they love more than a hero is to see a hero fail, fall, die trying Green Goblin
46%
I'm not gonna hurt ya, I'm just gonna bash your brains in! Jack Torrance
38%
All the ways you wished you could be, that's me Tyler Durden
35%
For if knowledge is power, then a god… am… IIIIIIII! was that over the top I can never tell The Riddler
32%
There is no good and evil, only power and those too weak to seek it Voldemort
32%
It seems envy is my sin John Doe
30%
A man who doesn't spend time with his family can never be a real man Vito Corleone
30%
I'm not even going to swat that fly Norman Bates
27%
Hope. It is the only thing stronger than fear President Snow
27%
As long as I'm alive you can save your friends, you've got a way out. Well good luck with that Jim Moriarty
22%
If you're looking for the guilty, you need only to look into a mirror V
22%
In your hands, you each have a lethal weapon. If you denounce me to the police, you will also be exposed and humiliated. I'll see to that in court. Mr. Boddy
14%
No matching quizzes found
Score Distribution
Percent of People with Each Score
Percentile by Number Answered
Your Score History
You have not taken this quiz